00946nam a2200205 a 450000500170000000800410001702000180005805000240007610000200010024500810012025000120020126000500021330000340026350000520029752002820034952100090063165000390064065000370067965000240071620140310183622.0121112s19uu xx 00 eng d a9780230210257 aHF 1359b.M672 2011 aMorrison, Janet aThe global business environment :bmeeting the challenges /cJanet Morrison. a3rd ed. aBasingstoke, UK :bPalgrave Macmillan,c2011. a486 p. :bill. col. ;c27 cm. aIncludes bibliographical references and indexes aThis book offers an accessible and engaging introduction to the business environment, covering the economic, political, social, legal, cultural, technological and financial dimensions to provide a comprehensive overview of the global environment within which businesses operate aBSBA aInternational business enterprises aInternational economic relations aInternational trade